Unión Europea y Chile socios por naturaleza

Saved in:
書目詳細資料
企業作者: Comisión Europea (Author)
格式: 圖書
語言:西班牙语
出版: Luxemburgo Oficina de Publicaciones Oficiales de las Comunidades Europeas 1999
主題:
標簽: 添加標簽
沒有標簽, 成為第一個標記此記錄!

MARC

LEADER 00000nam a2200000 a 4500
001 UCP6307
003 CL-VaPUC
008 991021e19990000lu |||||||||||||||||spa|d
082 0 4 |a 337  |b COM  |2 21 
110 2 |a Comisión Europea  |e author  |9 435331 
245 1 0 |a Unión Europea y Chile socios por naturaleza 
300 |a 19 p 
942 |c BK 
945 |d 19991021 00:00:00  |a rbrito 
260 |a Luxemburgo  |b Oficina de Publicaciones Oficiales de las Comunidades Europeas  |c 1999 
650 0 |a Desarrollo económico  |9 259599 
650 7 |a COMERCIO INTERNACIONAL  |2 CL-VaPUC  |9 435332 
650 0 |a Economía internacional  |9 258254 
651 0 |a Europa  |9 255156 
651 7 |a CHILE  |2 CL-VaPUC  |9 435333 
583 |a last modification  |c 20171130 01:20:50  |k Rodrigo Vera 
999 |c 283900  |d 283898 
952 |0 0  |1 0  |4 0  |6 337_000000000000000_COM_1999  |7 0  |8 A  |9 327432  |a BIBGIM  |b BIBGIM  |d 2019-11-20  |i 3561151  |o 337 COM 1999  |p 3561151  |r 2025-01-15  |w 2019-11-20  |y BK  |k GIM